000 01476 a2200289 4500
003 Nust
005 20170207154022.0
010 _a 2006032483
020 _a0470072962 (cloth/cd)
020 _a9780470072967 (cloth/cd)
035 _a(OCoLC)72353652
035 _a(OCoLC)ocm72353652
040 _cNust
082 0 0 _a621.39/5
100 1 _aLala, Parag K.,
245 1 0 _aPrinciples of modern digital design-(E-BOOK)
_cParag K. Lala.
260 _aHoboken, N.J. :
_bWiley-Interscience,
_cc2007.
300 _axv, 419 p. :
_bill. ;
_c27 cm. +
_e1 DVD-ROM (4 3/4 in.)
505 _aNumber Systems and Binary Codes (Page-1),Fundamental Concepts of Digital Logic (Page-29), Combinational Logic Design (Page-59),Fundamentals of Synchronous Sequential Circuits (Page-157), VHDL in Digital Design (Page-181),Combinational Logic Design Using VHDL (Page-205), Synchronous Sequential Circuit Design (Page-235),Counter Design (Page-291),Sequential Circuit Design Using VHDL (Page-315), Asynchronous Sequential Circuits (Page-373).
650 0 _aDigital electronics.
650 0 _aLogic circuits
_xDesign and construction.
650 0 _aLogic design.
651 _aE-BOOK
856 4 1 _3Contributor biographical information
_uhttp://www.loc.gov/catdir/enhancements/fy0741/2006032483-b.html
856 4 1 _3Publisher description
_uhttp://www.loc.gov/catdir/enhancements/fy0741/2006032483-d.html
856 4 1 _3Table of contents only
_uhttp://www.loc.gov/catdir/toc/ecip072/2006032483.html
942 _2ddc
_cBK
999 _c191709
_d191709